000 00954 a2200169 4500
003 Nust
005 20230130142528.0
040 _cNust
082 _a912.1,WRA
100 _aWragge, Phyllis
_9108105
245 _aThe Foundations of History /
_cPhyllis Wragge
260 _aLondon
_bThomas Nelson
300 _a291:p
505 _aWilliam Caxton (Page-9), Christopher Columbus (Page-19), Erasmus (Page-28), Sir Thomas More (Page-40), St. Teresa (Page-50), Sir Francis Drake (Page-61), The Pilgrim Fathers (Page-81), William Penn (Page-103), La Salle (Page-114), James Cook (Page-125), George Washington (Page-135), Napoleon Bonaparte (Page-148), Robert Owen (Page-158), Elizabeth Fry (Page-171), George Stephenson (Page-182), Florence Nightingale (Page-202), Garibaldi (Page-224), Louis Pasteur (Page-246), David Livingstone (Page-252), Questions and Suggestions for Handwork etc (Page-281).
650 _aHistory Of Bible
_9108106
942 _2ddc
_cBK
999 _c187063
_d187063